Problemy chozjajstvennogo mechanizma intenzifikacii proizvodstva Sbornik trudov

Saved in:
Bibliographic Details
Format: Book
Language:Russian
Published: Moskva Mežd. nauč.-issled. inst. problem upravlenija 1987
Edition:1. izd.
Tags: Add Tag
No Tags, Be the first to tag this record!

MARC

LEADER 00000nam a2200000 4500
001 c035950
005 20221219132119.4
041 0 |a rus 
044 |a RU 
245 1 0 |a Problemy chozjajstvennogo mechanizma intenzifikacii proizvodstva  |b Sbornik trudov 
250 |a 1. izd. 
264 1 |a Moskva  |b Mežd. nauč.-issled. inst. problem upravlenija  |c 1987 
300 |a 455 s.  |e príl.